Представление документа в формате RUSMARC

ПолеНазваниеЗначение
  Тип записи a
  Библиографический уровень m
001 Контрольный номер 7a282e0f2dab4be2adcefdb761c2e06b
005 Дата корректировки 20150306112618.6
010 Индекс ISBN __
a ISBN 978-5-394-02091-9
101 Язык документа 0_
a Язык текста rus
102 Страна публикации __
a Страна публикации RU
200 Заглавие и сведения об ответственности 1_
a Заглавие Мировая экономика и международные экономические отношения
b Общее обозначение материала Текст
e Сведения, относящиеся к заглавию учебник
f Первые сведения об ответственности под ред. И.П. Николаевой, Л.С. Шаховской
210 Выходные данные 1_
a Место издания Москва
c Издательство Дашков и К
d Дата издания 2014
215 Физическое описание __
a Объем 241 с.
225 Серия 2_
a Серия Учебные издания для бакалавров
610 Ключевые слова 0_
a Ключевые слова Мировая экономика
610 Ключевые слова 0_
a Ключевые слова мировое хозяйство
610 Ключевые слова 0_
a Ключевые слова международные экономические отношения
610 Ключевые слова 0_
a Ключевые слова Международные валютные отношения
610 Ключевые слова 0_
a Ключевые слова мировой рынок
686 Индексы других классификаций __
a Классификационный индекс 65.5я73
702 Вторичная интеллектуальная ответственность _1
a Фамилия Николаева
b Имя И. П.
e Роль лиц Редактор
4 Код отношения 340
702 Вторичная интеллектуальная ответственность _1
a Фамилия Шаховская
b Имя Л. С.
e Роль лиц Редактор
4 Код отношения 340
801 Источник записи _0
a Страна RU
b Организация РУК
c Дата составления 20150306
g Правила каталогизации PSBO
801 Источник записи _1
a Страна RU
b Организация РУК
c Дата составления 20150306
g Правила каталогизации PSBO
852 Данные о местонахождении __
i Авторский знак М 64
j Шифр хранения ББК 65.5
901 Тип документа __
t Тип документа m
937 Технологическая информация __
a Создатель записи (имя) Золотухина
938 Служебная информация __
a Название организации Головной вуз
952 Тип литературы __
b Гриф литературы для ВШ гриф
c Вид литературы учебник